| 000 | 00878nam a2200229 a 4500 | ||
|---|---|---|---|
| 001 | 38750 | ||
| 003 | BD-RjUL | ||
| 005 | 20211209052843.0 | ||
| 008 | 160217s2009 bg ||||| |||| 00| e ben d | ||
| 020 | _a9843000033804 | ||
| 035 | _a(BD-RjUL)38859 | ||
| 040 |
_aBD-RjUL _bben _cBD-RjUL _dBD-RjUL |
||
| 041 | _aben | ||
| 082 |
_a891.4409 _bKHS 2009 |
||
| 100 |
_aখালেক, আবদুল _9119534 |
||
| 245 |
_aশহীদ ড. জোহা এবং আমি / _cআবদুল খালেক |
||
| 260 |
_aরাজশাহী : _bধানসিঁড়ি সাহিত্য পরিষদ, _c২০০৯ |
||
| 300 |
_a১৫০ পৃ. ; _c২১ সেমি. |
||
| 650 |
_9119535 _aবাংলা সাহিত্য _xইতিহাস ও সমালোচনা |
||
| 650 |
_aBengali literature _9119536 _xHistory and criticism |
||
| 942 |
_2ddc _cBK |
||
| 999 |
_c38750 _d38750 |
||